000 00623nam a22002297a 4500
003 UA-OsUOA
001 100207
007 ta
008 20130522b un ||||| |||| 00| 0 ukr d
100 _aТкаченко А.
090 _a821.161.1
_bТ48
942 _cBK
040 _aUA-OsUOA
_brus
_cUA-OsUOA
_dUA-OsUOA
245 _aЧужие печали
_bповести и рассказы
300 _a332 с.
955 _a3
041 _arus
080 _a821.161.1
260 _aМ.
_bСовременник
_c1988
650 7 _a82 Література. Літературознавство
_2UDC
999 _c386444
_d386444